Communes de Martinique sur une carte - Statistiques

Statistiques générales
  • Ce quiz a été pris 89 fois
  • Le résultat moyen est 18 sur 34
Réponses sur la Carte
Les réponses sont colorées sur une échelle allant du rouge au vert en fonction du pourcentage des utilisateurs qui les ont devinées à leur premier essai. Vous pouvez retrouver ces pourcentages ci-dessous.
 
Statistiques - réponses
Réponse % Correct
La Trinité
80%
Fort-de-France
74%
Les Trois-îlets
74%
Saint-Joseph
74%
Gros-Morne
63%
Le François
63%
Sainte-Anne
63%
Le Diamant
60%
Schoelcher
60%
Ducos
57%
Le Lamentin
57%
Le Robert
57%
Les Anses-d'Arlet
57%
Le Vauclin
57%
Sainte-Luce
57%
Le Carbet
54%
Saint-Esprit
54%
Saint-Pierre
54%
Bellefontaine
51%
Le Marin
51%
Rivière-salée
51%
Basse-pointe
49%
Grand'Rivière
49%
Le Lorrain
49%
Le Prêcheur
49%
Sainte-Marie
49%
Case-Pilote
46%
Le Marigot
43%
Le Morne-Rouge
43%
Rivière-Pilote
43%
L'Ajoupa-Bouillon
40%
Le Morne-Vert
40%
Fonds-Saint-Denis
37%
Macouba
31%
Aucun quiz correspondant
Distribution des résultats
% des personnes avec chaque résultat
Percentile par nombre de réponses
Votre historique - résultats
Vous n’avez pas pris ce quiz